000 nam a22 7a 4500
999 _c3748
_d3748
005 20170523163738.0
008 170523b1996 stk||||| |||| 00| 0 eng d
020 _a0700704612
040 _aAKMAL
082 _a700.095 WIL
090 _a700.095
_bWIL
100 _aJane Wilkinson, Nick Pearce
_97414
245 _aHarmony & Contrast :
_bA Journey through East Asian Art /
_cJane Wilkinson, Nick Pearce
260 _aScotland :
_bNational Museums of Scotland,
_c1996
300 _a128p
_ccm
942 _2ddc
_cBOOK